SPAL / [Servei del Patrimoni Arquitectònic Local]
Publicado:
Barcelona :
Diputació de Barcelona, Àrea de Cooperació, Servei del Patrimoni Arquitectònic Local, [s.a.]
Descripción Física:
[6] p. : il. col. ; 21 cm
MARC
| LEADER | 00000nam a2200000Ia 4500 | ||
|---|---|---|---|
| 001 | 15250 | ||
| 008 | 160829s9999 xx 000 0 cat d | ||
| 080 | |a FU-35-38 | ||
| 110 | |a Barcelona (Catalunya : Província). |b Servei de Patrimoni Arquitectònic Local |9 19202 | ||
| 245 | |a SPAL / [Servei del Patrimoni Arquitectònic Local] | ||
| 260 | |a Barcelona : |b Diputació de Barcelona, Àrea de Cooperació, Servei del Patrimoni Arquitectònic Local, [s.a.] | ||
| 300 | |a [6] p. : |b il. col. ; |c 21 cm | ||
| 650 | |a Barcelona. Diputació. Servei del Patrimoni Arquitectònic Local | ||
| 901 | |a Arxiu | ||
| 942 | |n 1 | ||
| 952 | |0 0 |1 0 |4 0 |6 FU3538 |7 1 |9 42510 |a Arxiu |b Arxiu |d 2016-12-01 |l 0 |o FU-35-38 |p 15250 |r 2016-12-01 00:00:00 |w 2016-12-01 |y ARXIU | ||
| 999 | |c 45015 |d 45015 | ||